Camelicultura : (Record no. 21230)
[ view plain ]
| 000 -CABECERA | |
|---|---|
| fixed length control field | 00800nam a22002057a 4500 |
| 003 - IDENTIFICADOR DEL NÚMERO DE CONTROL | |
| control field | AR-CdUCM |
| 008 - DATOS DE LONGITUD FIJA--INFORMACIÓN GENERAL | |
| fixed length control field | 190321b ||||| |||| 00| 0 spa d |
| 040 ## - FUENTE DE LA CATALOGACIÓN | |
| Agencia/entidad que catalogó originalmente la obra | MUNICIPALIDAD PROVINCIAL DEL CUSCO |
| Entidad que transcribió la catalogación | BIBLIOTECA MUNICIPAL DEL CUSCO |
| 082 ## - NÚMERO DE LA CLASIFICACIÓN DECIMAL DEWEY | |
| No. de Clasificación | C / 636.296 / |
| Notacion interna | R94 |
| 100 ## - ENTRADA PRINCIPAL--NOMBRE DE PERSONA | |
| Nombre Personal | Ruiz de Castilla Marín, Mario |
| 245 ## - MENCIÓN DE TÍTULO | |
| Título | Camelicultura : |
| Resto del título | alpacas y llamas del sur del Perú / |
| 260 ## - PUBLICACIÓN, DISTRIBUCIÓN, ETC. | |
| Lugar de publicación, distribución, etc. | Qosqo : |
| Nombre de la editorial, distribuidor, etc. | Mercantil, |
| Fecha de publicación, distribución, etc. | 1994. |
| 300 ## - DESCRIPCIÓN FÍSICA | |
| Nº de Páginas Extensión | 206 páginas ; |
| Otros detalles físicos | Ilustraciones, |
| Dimensiones | 20 cm. |
| 505 ## - NOTA DE CONTENIDO CON FORMATO | |
| Nota de contenido formateada | Contenido: Generalidades -- La pradera nativa -- Procesos nutricionales -- Procesos reproductivos -- Genética y mejoramiento -- productos de los camelidos. |
| 650 ## - PUNTO DE ACCESO ADICIONAL DE MATERIA--TÉRMINO DE MATERIA | |
| Descriptor | Auquenidos |
| 9 (RLIN) | 22127 |
| 650 ## - PUNTO DE ACCESO ADICIONAL DE MATERIA--TÉRMINO DE MATERIA | |
| Descriptor | Perú |
| 9 (RLIN) | 44345 |
| 710 ## - PUNTO DE ACCESO ADICIONAL--NOMBRE DE ENTIDAD CORPORATIVA | |
| Nombre corporativo (En letras Mayúsculas) | Municipalidad del Qosqo |
| 9 (RLIN) | 6414 |
| 942 ## - ELEMENTOS DE PUNTO DE ACCESO ADICIONAL (KOHA) | |
| Fuente de clasificación | |
| Tipo de item | Libros-BMC |
| 945 ## - PROCESAMIENTO DE INFORMACIÓN LOCAL (OCLC) | |
| Catalogador | Roel |
No items available.